[Event "3e Open de Bastia"]
[Site "Bastia"]
[Date "2023.07.10"]
[Round "3.4"]
[White "Rendle, Thomas E"]
[Black "Guillemart, Serge"]
[Result "1/2-1/2"]
[BlackElo "2195"]
[WhiteElo "2385"]
[LiveChessVersion "1.4.6"]

1. d4 {[%clk 0:15:03]} d5 {[%clk 0:15:04]} 2. c4 {[%clk 0:15:04]} Nc6
{[%clk 0:15:05]} 3. cxd5 {[%clk 0:14:35]} Qxd5 {[%clk 0:15:04]} 4. Nf3
{[%clk 0:14:36]} e5 {[%clk 0:15:03]} 5. Nc3 {[%clk 0:14:04]} Bb4 {[%clk 0:15:02]}
6. Bd2 {[%clk 0:13:13]} Bxc3 {[%clk 0:15:01]} 7. Bxc3 {[%clk 0:13:13]} e4
{[%clk 0:14:32]} 8. Nd2 {[%clk 0:10:57]} Nf6 {[%clk 0:14:10]} 9. e3
{[%clk 0:10:57]} O-O {[%clk 0:14:09]} 10. Qc2 {[%clk 0:09:07]} Re8
{[%clk 0:13:56]} 11. Nc4 {[%clk 0:08:41]} Bg4 {[%clk 0:13:03]} 12. h3
{[%clk 0:08:23]} Be6 {[%clk 0:12:53]} 13. Ne5 {[%clk 0:07:58]} Nxe5
{[%clk 0:10:30]} 14. dxe5 {[%clk 0:07:29]} Nd7 15. Rd1 Qc6 {[%clk 0:10:30]} 16.
Rc1 {[%clk 0:07:18]} Rad8 {[%clk 0:09:52]} 17. Be2 {[%clk 0:06:30]} Nb6
{[%clk 0:08:37]} 18. b3 {[%clk 0:05:14]} Bf5 {[%clk 0:08:00]} 19. Bd4
{[%clk 0:03:47]} Qxc2 {[%clk 0:07:50]} 20. Rxc2 {[%clk 0:03:48]} c6
{[%clk 0:07:44]} 21. O-O {[%clk 0:03:39]} Nd7 {[%clk 0:07:32]} 22. Bxa7
{[%clk 0:02:51]} Nxe5 {[%clk 0:07:30]} 23. Bb6 {[%clk 0:02:22]} Rd7
{[%clk 0:07:23]} 24. Rfc1 {[%clk 0:01:54]} f6 {[%clk 0:07:09]} 25. Bd4
{[%clk 0:01:49]} Kf7 {[%clk 0:07:02]} 26. Rc5 {[%clk 0:01:46]} Nd3
{[%clk 0:06:35]} 27. Bxd3 {[%clk 0:00:51]} exd3 {[%clk 0:06:36]} 28. Rxf5
{[%clk 0:00:52]} d2 {[%clk 0:06:33]} 29. Rd1 {[%clk 0:00:51]} Rxd4
{[%clk 0:06:34]} 30. Kf1 {[%clk 0:00:54]} Rd6 {[%clk 0:06:14]} 31. Ke2
{[%clk 0:00:54]} Ra8 {[%clk 0:06:16]} 32. a4 {[%clk 0:00:49]} Rad8
{[%clk 0:06:17]} 33. Rc5 {[%clk 0:00:49]} Rd3 {[%clk 0:06:19]} 34. b4
{[%clk 0:00:48]} Ra3 {[%clk 0:06:16]} 35. b5 {[%clk 0:00:48]} Rxa4 36. bxc6
{[%clk 0:00:49]} bxc6 {[%clk 0:06:02]} 37. Rxc6 {[%clk 0:00:50]} Ra2
{[%clk 0:05:57]} 38. Rc3 {[%clk 0:00:52]} Kg6 39. Rd3 {[%clk 0:00:54]} Rxd3
{[%clk 0:05:50]} 40. Kxd3 Ra3+ {[%clk 0:05:44]} 41. Ke2 {[%clk 0:00:55]} Ra7
{[%clk 0:05:45]} 42. Rxd2 {[%clk 0:00:56]} Rb7 {[%clk 0:05:47]} 43. Rd5
{[%clk 0:00:56]} Ra7 {[%clk 0:05:36]} 44. g4 {[%clk 0:00:57]} Ra1
{[%clk 0:05:26]} 45. Kf3 Rh1 {[%clk 0:05:23]} 46. Kg2 {[%clk 0:00:59]} Ra1
{[%clk 0:05:24]} 47. Rb5 {[%clk 0:01:02]} Ra3 {[%clk 0:05:14]} 48. Kg3 Rc3
{[%clk 0:05:15]} 49. h4 {[%clk 0:01:01]} Rc7 {[%clk 0:04:54]} 50. Ra5
{[%clk 0:01:02]} Rb7 {[%clk 0:04:55]} 51. f3 {[%clk 0:01:00]} Re7
{[%clk 0:04:53]} 52. Kf4 {[%clk 0:01:00]} Rb7 {[%clk 0:04:53]} 53. h5+
{[%clk 0:00:51]} Kf7 {[%clk 0:04:49]} 54. Ra6 {[%clk 0:00:53]} Rc7
{[%clk 0:04:47]} 55. Rb6 {[%clk 0:00:42]} Ra7 {[%clk 0:04:49]} 56. Rc6
{[%clk 0:00:43]} Rb7 {[%clk 0:04:51]} 57. Ra6 {[%clk 0:00:45]} Rc7
{[%clk 0:04:53]} 58. Ra8 {[%clk 0:00:36]} h6 {[%clk 0:04:50]} 59. Ra6
{[%clk 0:00:36]} Rb7 {[%clk 0:04:50]} 60. Ra5 {[%clk 0:00:33]} Rc7
{[%clk 0:04:49]} 61. Kf5 {[%clk 0:00:31]} Re7 {[%clk 0:04:35]} 62. e4
{[%clk 0:00:29]} Rb7 {[%clk 0:04:34]} 63. f4 {[%clk 0:00:29]} Rc7
{[%clk 0:04:23]} 64. Rb5 {[%clk 0:00:30]} Ra7 {[%clk 0:04:25]} 65. Rc5
{[%clk 0:00:32]} Rb7 {[%clk 0:04:27]} 66. Ra5 {[%clk 0:00:35]} Rc7
{[%clk 0:04:30]} 67. e5 {[%clk 0:00:35]} fxe5 {[%clk 0:04:23]} 68. fxe5
{[%clk 0:00:33]} Rb7 {[%clk 0:03:41]} 69. Ra6 {[%clk 0:00:32]} Rb4
{[%clk 0:03:02]} 70. Ra7+ {[%clk 0:00:27]} Kf8 {[%clk 0:03:03]} 71. Ke6
{[%clk 0:00:20]} Rb6+ {[%clk 0:02:47]} 72. Kd7 {[%clk 0:00:16]} Kf7
{[%clk 0:02:34]} 73. Kd8+ {[%clk 0:00:15]} Kf8 {[%clk 0:02:00]} 74. Ra4
{[%clk 0:00:16]} Kf7 {[%clk 0:01:51]} 75. Kd7 {[%clk 0:00:14]} Rb7+
{[%clk 0:01:46]} 76. Kc6 {[%clk 0:00:16]} Re7 {[%clk 0:01:45]} 77. Kd6
{[%clk 0:00:15]} Re6+ {[%clk 0:01:38]} 78. Kd5 {[%clk 0:00:17]} Re7
{[%clk 0:01:31]} 79. Rf4+ {[%clk 0:00:19]} Ke8 {[%clk 0:01:30]} 80. e6
{[%clk 0:00:12]} Ra7 {[%clk 0:01:23]} 81. Ke5 {[%clk 0:00:06]} Ra5+
{[%clk 0:01:21]} 82. Kd6 {[%clk 0:00:08]} Ra6+ {[%clk 0:01:21]} 83. Ke5
{[%clk 0:00:10]} Ra5+ {[%clk 0:01:23]} 84. Ke4 {[%clk 0:00:13]} Ra6
{[%clk 0:01:13]} 85. Kf5 {[%clk 0:00:13]} Ra5+ {[%clk 0:00:45]} 86. Kg6
{[%clk 0:00:15]} Rg5+ {[%clk 0:00:47]} 87. Kh7 {[%clk 0:00:17]} Ke7
{[%clk 0:00:26]} 88. Re4 {[%clk 0:00:19]} Kf8 {[%clk 0:00:13]} 89. e7+
{[%clk 0:00:18]} Ke8 {[%clk 0:00:16]} 90. Kg8 {[%clk 0:00:15]} g6
{[%clk 0:00:18]} 91. hxg6 {[%clk 0:00:07]} Rxg6+ {[%clk 0:00:19]} 92. Kh7
{[%clk 0:00:09]} Ra6 {[%clk 0:00:12]} 93. Kg7 {[%clk 0:00:11]} Rb6
{[%clk 0:00:10]} 94. Re3 {[%clk 0:00:11]} Ra6 {[%clk 0:00:12]} 95. Rh3
{[%clk 0:00:11]} Ra4 {[%clk 0:00:08]} 96. Rh4 {[%clk 0:00:08]} h5 97. Rxh5 Rxg4+
{[%clk 0:00:07]} 98. Kf6 {[%clk 0:00:11]} Rf4+ {[%clk 0:00:08]} 99. Ke5
{[%clk 0:00:13]} Ra4 {[%clk 0:00:09]} 100. Kd6 {[%clk 0:00:09]} Ra6+
{[%clk 0:00:10]} 101. Kc7 {[%clk 0:00:11]} Kxe7 {[%clk 0:00:11]} 102. Re5+
{[%clk 0:00:11]} Re6 {[%clk 0:00:13]} 103. Rxe6+ {[%clk 0:00:13]} Kxe6
{[%clk 0:00:15]} 1/2-1/2

[Event "3e Open de Bastia"]
[Site "Bastia"]
[Date "2023.07.10"]
[Round "3.5"]
[White "Geronimi, Pierre-Francois"]
[Black "Carnicelli, Valerio"]
[Result "0-1"]
[BlackElo "2344"]
[WhiteElo "2025"]
[LiveChessVersion "1.4.6"]

1. e4 {[%clk 0:15:03]} c5 {[%clk 0:15:04]} 2. Nf3 {[%clk 0:15:05]} Nc6
{[%clk 0:15:06]} 3. d4 {[%clk 0:15:07]} cxd4 {[%clk 0:15:07]} 4. Nxd4
{[%clk 0:15:09]} e6 {[%clk 0:15:09]} 5. Nxc6 {[%clk 0:15:11]} bxc6
{[%clk 0:15:10]} 6. Bd3 {[%clk 0:15:13]} Nf6 {[%clk 0:15:10]} 7. Qe2
{[%clk 0:15:13]} d5 {[%clk 0:15:09]} 8. Nd2 {[%clk 0:15:15]} Qc7 {[%clk 0:15:03]}
9. b3 {[%clk 0:14:59]} Bb4 {[%clk 0:14:39]} 10. O-O {[%clk 0:14:47]} Bc3
{[%clk 0:14:33]} 11. Ba3 {[%clk 0:14:41]} Qa5 {[%clk 0:13:56]} 12. Bd6
{[%clk 0:11:40]} Bxd2 {[%clk 0:13:16]} 13. e5 {[%clk 0:11:27]} Nd7
{[%clk 0:12:28]} 14. Qg4 {[%clk 0:11:22]} g6 {[%clk 0:11:25]} 15. b4
{[%clk 0:10:25]} Qd8 {[%clk 0:11:23]} 16. f4 {[%clk 0:10:02]} Bxb4
{[%clk 0:10:06]} 17. f5 {[%clk 0:08:12]} Bxd6 {[%clk 0:10:07]} 18. exd6
{[%clk 0:07:55]} Ne5 {[%clk 0:09:49]} 19. Qg3 {[%clk 0:07:37]} Qxd6
{[%clk 0:09:36]} 20. Rae1 {[%clk 0:07:00]} Qc5+ {[%clk 0:09:30]} 21. Kh1
{[%clk 0:07:02]} Nxd3 {[%clk 0:09:28]} 22. cxd3 {[%clk 0:06:52]} Bd7
{[%clk 0:08:30]} 23. Qe5 {[%clk 0:06:34]} O-O {[%clk 0:06:51]} 24. f6
{[%clk 0:06:35]} Rfb8 {[%clk 0:06:41]} 25. d4 {[%clk 0:05:19]} Qf8
{[%clk 0:05:17]} 26. Re3 {[%clk 0:05:10]} c5 {[%clk 0:04:37]} 27. dxc5
{[%clk 0:04:44]} Rb4 {[%clk 0:04:33]} 28. Rc3 {[%clk 0:03:00]} Rc8
{[%clk 0:04:29]} 29. Rfc1 {[%clk 0:02:45]} Rxc5 {[%clk 0:03:54]} 30. h3
{[%clk 0:02:24]} Rxc3 {[%clk 0:03:50]} 31. Qxc3 {[%clk 0:02:11]} Rc4
{[%clk 0:03:51]} 0-1

[Event "3e Open de Bastia"]
[Site "Bastia"]
[Date "2023.07.10"]
[Round "3.6"]
[White "Rakotomaharo, Fy Antenaina"]
[Black "Guazzelli, Jean-Baptiste"]
[Result "1-0"]
[BlackElo "2055"]
[WhiteElo "2463"]
[LiveChessVersion "1.4.6"]

1. e4 {[%clk 0:15:03]} Nf6 {[%clk 0:15:04]} 2. e5 {[%clk 0:15:04]} Nd5
{[%clk 0:15:06]} 3. d4 {[%clk 0:15:06]} d6 {[%clk 0:15:07]} 4. c4
{[%clk 0:15:07]} Nb6 {[%clk 0:15:09]} 5. f4 {[%clk 0:15:09]} g6 {[%clk 0:14:57]}
6. Nc3 {[%clk 0:15:08]} Bg7 {[%clk 0:14:57]} 7. Be2 {[%clk 0:14:59]} O-O
{[%clk 0:14:56]} 8. Nf3 {[%clk 0:14:59]} c5 {[%clk 0:13:50]} 9. dxc5
{[%clk 0:13:55]} dxc5 {[%clk 0:13:51]} 10. Qxd8 {[%clk 0:13:50]} Rxd8
{[%clk 0:13:52]} 11. Be3 {[%clk 0:13:52]} Na6 {[%clk 0:13:14]} 12. Kf2
{[%clk 0:13:50]} Bf5 {[%clk 0:13:00]} 13. Rad1 {[%clk 0:13:45]} Bc2
{[%clk 0:08:14]} 14. Rxd8+ {[%clk 0:13:12]} Rxd8 {[%clk 0:08:15]} 15. Rc1
{[%clk 0:11:23]} Bf5 {[%clk 0:07:13]} 16. Nb5 {[%clk 0:11:21]} Nc8
{[%clk 0:07:01]} 17. a3 {[%clk 0:10:50]} b6 {[%clk 0:06:19]} 18. h3
{[%clk 0:09:43]} h5 {[%clk 0:06:09]} 19. Rg1 {[%clk 0:09:01]} Be4
{[%clk 0:05:12]} 20. Ng5 {[%clk 0:08:18]} Bc6 {[%clk 0:04:01]} 21. g4
{[%clk 0:08:15]} hxg4 {[%clk 0:03:36]} 22. hxg4 {[%clk 0:08:16]} Bxb5
{[%clk 0:03:26]} 23. cxb5 {[%clk 0:08:17]} Nc7 {[%clk 0:03:28]} 24. Bc4
{[%clk 0:08:10]} Nd5 {[%clk 0:02:17]} 25. e6 {[%clk 0:08:11]} fxe6
{[%clk 0:02:19]} 26. Nxe6 {[%clk 0:08:09]} Nxe3 {[%clk 0:02:21]} 27. Kxe3
{[%clk 0:08:09]} Rd6 {[%clk 0:02:00]} 28. Nxc5+ {[%clk 0:07:42]} Kf8
{[%clk 0:01:50]} 29. Ne6+ {[%clk 0:07:42]} Kf7 {[%clk 0:01:29]} 30. Nxg7+
{[%clk 0:05:28]} Kxg7 {[%clk 0:01:31]} 31. Rc1 {[%clk 0:05:27]} Rd8
{[%clk 0:00:43]} 32. Bd3 {[%clk 0:05:26]} Kf6 {[%clk 0:00:33]} 33. g5+
{[%clk 0:04:50]} Kf7 {[%clk 0:00:15]} 34. Rc7 {[%clk 0:04:50]} Nd6
{[%clk 0:00:10]} 35. a4 {[%clk 0:04:27]} Rh8 {[%clk 0:00:12]} 36. Rxa7
{[%clk 0:04:01]} Rh3+ {[%clk 0:00:14]} 37. Kd4 {[%clk 0:04:03]} Rf3
{[%clk 0:00:16]} 38. b3 {[%clk 0:02:22]} Rxf4+ 39. Kc3 {[%clk 0:02:24]} Rf3
{[%clk 0:00:10]} 40. Ra6 {[%clk 0:01:53]} Ne4+ {[%clk 0:00:06]} 41. Kd4
{[%clk 0:01:54]} Nc5 {[%clk 0:00:05]} 42. Bc4+ {[%clk 0:01:57]} Ke8
{[%clk 0:00:08]} 43. Rxb6 {[%clk 0:01:53]} Nxb3+ 44. Bxb3 {[%clk 0:01:50]} Rxb3
{[%clk 0:00:09]} 45. a5 {[%clk 0:01:49]} Kd8 {[%clk 0:00:07]} 46. a6
{[%clk 0:01:39]} Ra3 {[%clk 0:00:09]} 47. Rxg6 {[%clk 0:01:25]} Ra5
{[%clk 0:00:10]} 48. Kc5 {[%clk 0:01:26]} e5 {[%clk 0:00:12]} 49. Re6
{[%clk 0:01:21]} 1-0

[Event "3e Open de Bastia"]
[Site "Bastia"]
[Date "2023.07.10"]
[Round "3.7"]
[White "Stoenescu, Radu"]
[Black "Bulmaga, Irina"]
[Result "0-1"]
[BlackElo "2416"]
[WhiteElo "1997"]
[LiveChessVersion "1.4.6"]

1. e4 {[%clk 0:15:05]} e5 {[%clk 0:15:04]} 2. Nf3 {[%clk 0:15:06]} Nc6
{[%clk 0:15:05]} 3. Bb5 {[%clk 0:15:08]} g6 {[%clk 0:15:06]} 4. d4
{[%clk 0:15:06]} exd4 {[%clk 0:15:02]} 5. Bxc6 {[%clk 0:15:04]} dxc6
{[%clk 0:15:00]} 6. Qxd4 {[%clk 0:15:03]} Qxd4 {[%clk 0:15:00]} 7. Nxd4
{[%clk 0:15:05]} Bg7 {[%clk 0:14:59]} 8. Ne2 {[%clk 0:14:34]} f5 {[%clk 0:14:57]}
9. Nbc3 {[%clk 0:14:05]} fxe4 {[%clk 0:14:36]} 10. Nxe4 {[%clk 0:14:07]} Nf6
{[%clk 0:13:43]} 11. Nxf6+ {[%clk 0:13:44]} Bxf6 {[%clk 0:13:44]} 12. O-O
{[%clk 0:13:26]} Bf5 {[%clk 0:13:42]} 13. c3 {[%clk 0:13:26]} O-O-O
{[%clk 0:13:27]} 14. Be3 {[%clk 0:13:01]} b6 {[%clk 0:13:18]} 15. Nd4
{[%clk 0:12:51]} Bd7 {[%clk 0:13:15]} 16. h3 {[%clk 0:12:05]} c5 {[%clk 0:13:15]}
17. Ne2 {[%clk 0:11:10]} a5 18. Rfd1 Bf5 {[%clk 0:12:39]} 19. Rxd8+
{[%clk 0:09:25]} Rxd8 {[%clk 0:12:38]} 20. Ng3 {[%clk 0:09:22]} Bd3
{[%clk 0:11:19]} 21. Re1 {[%clk 0:09:07]} Re8 22. Bd2 {[%clk 0:09:09]} Rxe1+
{[%clk 0:10:58]} 23. Bxe1 {[%clk 0:06:16]} Bg5 {[%clk 0:10:39]} 24. b4 cxb4 25.
cxb4 {[%clk 0:06:17]} a4 {[%clk 0:10:39]} 26. Bc3 {[%clk 0:04:58]} Bc1
{[%clk 0:09:49]} 27. Nf1 {[%clk 0:04:29]} Bb1 {[%clk 0:09:41]} 28. Nd2
{[%clk 0:03:53]} Bxa2 {[%clk 0:09:41]} 29. Kf1 {[%clk 0:03:20]} Bd5
{[%clk 0:07:48]} 30. f3 {[%clk 0:02:40]} Kb7 {[%clk 0:07:26]} 31. Ke2
{[%clk 0:02:15]} Kc6 32. Kd1 {[%clk 0:02:16]} Bxd2 {[%clk 0:06:41]} 33. Kxd2
{[%clk 0:02:08]} Kb5 {[%clk 0:06:24]} 34. Kc2 Bc4 35. g3 {[%clk 0:01:41]} Bf1
{[%clk 0:06:08]} 36. h4 {[%clk 0:01:43]} Be2 {[%clk 0:06:05]} 37. f4
{[%clk 0:01:46]} Kc4 {[%clk 0:06:07]} 38. Be1 {[%clk 0:01:24]} a3
{[%clk 0:05:40]} 39. Kb1 {[%clk 0:01:08]} Kb3 {[%clk 0:05:39]} 40. Bd2
{[%clk 0:00:39]} h5 {[%clk 0:05:38]} 41. Be1 {[%clk 0:00:38]} Bf1
{[%clk 0:05:16]} 42. Bd2 {[%clk 0:00:38]} Bd3+ {[%clk 0:04:22]} 43. Ka1
{[%clk 0:00:38]} Kc2 {[%clk 0:03:58]} 44. Be3 {[%clk 0:00:31]} Kc3
{[%clk 0:03:47]} 45. f5 {[%clk 0:00:11]} gxf5 {[%clk 0:03:32]} 46. Bf4
{[%clk 0:00:13]} Kxb4 {[%clk 0:02:34]} 47. Bxc7 {[%clk 0:00:15]} b5
{[%clk 0:02:36]} 48. Bd6+ {[%clk 0:00:09]} Kb3 {[%clk 0:02:38]} 49. Be7
{[%clk 0:00:07]} Bc2 {[%clk 0:02:29]} 50. Bd6 {[%clk 0:00:08]} b4
{[%clk 0:02:06]} 51. Be7 {[%clk 0:00:09]} Ka4 {[%clk 0:02:05]} 52. Bd6 b3 53. Ka2
b2 0-1

[Event "3e Open de Bastia"]
[Site "Bastia"]
[Date "2023.07.10"]
[Round "3.8"]
[White "Nevednichy, Vladislav"]
[Black "Bigonnet, Jean-Michel"]
[Result "1-0"]
[BlackElo "2050"]
[WhiteElo "2453"]
[LiveChessVersion "1.4.6"]

1. e4 {[%clk 0:15:02]} e5 {[%clk 0:15:00]} 2. Nf3 {[%clk 0:15:02]} Nc6
{[%clk 0:15:02]} 3. Bc4 {[%clk 0:15:04]} Bc5 {[%clk 0:15:02]} 4. O-O
{[%clk 0:15:00]} Nf6 {[%clk 0:14:52]} 5. d3 {[%clk 0:15:01]} O-O {[%clk 0:14:46]}
6. Bg5 {[%clk 0:15:01]} h6 {[%clk 0:14:33]} 7. Bh4 {[%clk 0:15:02]} Be7
{[%clk 0:14:03]} 8. Bg3 {[%clk 0:15:01]} d6 {[%clk 0:13:50]} 9. a4
{[%clk 0:15:02]} Bg4 {[%clk 0:12:47]} 10. h3 {[%clk 0:15:02]} Bh5
{[%clk 0:12:49]} 11. c3 {[%clk 0:14:58]} Kh8 {[%clk 0:12:22]} 12. a5
{[%clk 0:14:59]} a6 {[%clk 0:12:22]} 13. Nbd2 {[%clk 0:14:51]} Nh7
{[%clk 0:12:20]} 14. Qb3 {[%clk 0:13:41]} Qc8 {[%clk 0:11:37]} 15. Rfe1
{[%clk 0:12:01]} Ng5 {[%clk 0:09:04]} 16. Nh2 {[%clk 0:11:02]} Nd8
{[%clk 0:07:33]} 17. d4 {[%clk 0:10:19]} exd4 {[%clk 0:07:03]} 18. cxd4
{[%clk 0:10:19]} Nde6 {[%clk 0:06:20]} 19. Qd3 {[%clk 0:09:10]} c5
{[%clk 0:05:22]} 20. f4 {[%clk 0:08:06]} Nh7 {[%clk 0:04:44]} 21. dxc5
{[%clk 0:07:55]} Nxc5 {[%clk 0:04:09]} 22. Qc2 {[%clk 0:05:49]} Nf6
{[%clk 0:03:59]} 23. Rac1 {[%clk 0:05:38]} Ne6 {[%clk 0:03:01]} 24. f5
{[%clk 0:05:15]} Nd4 {[%clk 0:02:56]} 25. Qd3 {[%clk 0:05:15]} Nc6
{[%clk 0:01:31]} 26. Bd5 {[%clk 0:04:50]} Nb4 {[%clk 0:01:11]} 27. Qb3
{[%clk 0:04:39]} Nc6 {[%clk 0:01:00]} 28. Bf2 {[%clk 0:03:46]} Nxd5
{[%clk 0:00:49]} 29. exd5 {[%clk 0:03:39]} Bg5 {[%clk 0:00:47]} 30. Be3
{[%clk 0:03:11]} Nxa5 {[%clk 0:00:27]} 31. Rxc8 {[%clk 0:03:03]} Nxb3
{[%clk 0:00:29]} 32. Rxf8+ {[%clk 0:03:03]} Rxf8 {[%clk 0:00:31]} 33. Bxg5
{[%clk 0:02:48]} 1-0

[Event "3e Open de Bastia"]
[Site "Bastia"]
[Date "2023.07.10"]
[Round "4.1"]
[White "Relange, Eloi"]
[Black "Piscopo, Pierluigi"]
[Result "1-0"]
[BlackElo "2331"]
[WhiteElo "2462"]
[LiveChessVersion "1.4.6"]

1. Nf3 {[%clk 0:15:03]} d5 {[%clk 0:15:04]} 2. g3 {[%clk 0:15:02]} Nc6
{[%clk 0:14:53]} 3. Bg2 {[%clk 0:14:36]} e5 {[%clk 0:14:52]} 4. d3
{[%clk 0:14:33]} Nf6 {[%clk 0:13:55]} 5. O-O {[%clk 0:14:30]} Be7
{[%clk 0:13:19]} 6. c4 {[%clk 0:13:11]} O-O {[%clk 0:13:01]} 7. cxd5
{[%clk 0:13:10]} Nxd5 {[%clk 0:13:02]} 8. Nc3 {[%clk 0:13:11]} Nb6
{[%clk 0:13:03]} 9. a3 {[%clk 0:12:49]} Be6 {[%clk 0:13:05]} 10. b4
{[%clk 0:12:23]} a5 {[%clk 0:13:07]} 11. b5 {[%clk 0:12:20]} Nd4 {[%clk 0:13:09]}
12. Rb1 {[%clk 0:11:00]} Nd5 {[%clk 0:12:01]} 13. Nxd5 {[%clk 0:08:11]} Bxd5
{[%clk 0:12:02]} 14. e4 {[%clk 0:07:12]} Ba2 {[%clk 0:11:05]} 15. Rb2
{[%clk 0:06:38]} Be6 {[%clk 0:10:35]} 16. a4 {[%clk 0:06:19]} Bg4
{[%clk 0:10:05]} 17. Be3 {[%clk 0:05:34]} b6 {[%clk 0:07:04]} 18. Bxd4
{[%clk 0:05:15]} Bxf3 {[%clk 0:07:05]} 19. Bxf3 {[%clk 0:05:02]} Qxd4
{[%clk 0:07:06]} 20. Qb3 {[%clk 0:04:54]} Rad8 {[%clk 0:07:01]} 21. Be2
{[%clk 0:04:55]} Bc5 {[%clk 0:06:37]} 22. Rc2 {[%clk 0:04:55]} g6
{[%clk 0:06:38]} 23. Rc4 {[%clk 0:04:42]} Qd6 {[%clk 0:06:38]} 24. Rfc1
{[%clk 0:04:39]} Kg7 {[%clk 0:05:18]} 25. Rxc5 {[%clk 0:03:21]} bxc5
{[%clk 0:05:20]} 26. Rc4 {[%clk 0:03:23]} h5 {[%clk 0:04:55]} 27. Qc3
{[%clk 0:03:20]} Qf6 {[%clk 0:04:53]} 28. Rxc5 {[%clk 0:03:06]} Rd4
{[%clk 0:04:53]} 29. Rc6 {[%clk 0:02:56]} Rd6 {[%clk 0:03:46]} 30. Rxc7
{[%clk 0:02:52]} h4 {[%clk 0:03:48]} 31. Qxa5 {[%clk 0:02:40]} Qg5
{[%clk 0:03:13]} 32. Qc3 {[%clk 0:02:33]} Rf6 {[%clk 0:03:16]} 33. Rc5
{[%clk 0:02:06]} hxg3 {[%clk 0:03:16]} 34. hxg3 {[%clk 0:02:08]} Rh8
{[%clk 0:03:16]} 35. Qxe5 {[%clk 0:01:46]} Qh6 {[%clk 0:03:17]} 36. Bf3
{[%clk 0:01:48]} Qh2+ {[%clk 0:02:57]} 37. Kf1 {[%clk 0:01:50]} Rh5
{[%clk 0:03:00]} 38. Qxh5 {[%clk 0:01:08]} 1-0

[Event "3e Open de Bastia"]
[Site "Bastia"]
[Date "2023.07.10"]
[Round "4.2"]
[White "Carnicelli, Valerio"]
[Black "Cappelletto, Joshuaede"]
[Result "1-0"]
[BlackElo "2286"]
[WhiteElo "2344"]
[LiveChessVersion "1.4.6"]

1. e4 {[%clk 0:15:04]} c5 {[%clk 0:15:06]} 2. Nf3 {[%clk 0:15:05]} d6
{[%clk 0:15:08]} 3. d4 {[%clk 0:15:07]} cxd4 {[%clk 0:15:10]} 4. Nxd4
{[%clk 0:15:09]} Nf6 {[%clk 0:15:12]} 5. Nc3 {[%clk 0:15:10]} a6 {[%clk 0:15:14]}
6. f3 {[%clk 0:15:12]} e5 {[%clk 0:15:16]} 7. Nb3 {[%clk 0:15:13]} Be6
{[%clk 0:15:18]} 8. Be3 {[%clk 0:15:15]} Be7 {[%clk 0:15:18]} 9. Qd2
{[%clk 0:15:16]} h5 {[%clk 0:15:21]} 10. Nd5 {[%clk 0:15:16]} Bxd5
{[%clk 0:15:13]} 11. exd5 {[%clk 0:15:17]} Nbd7 {[%clk 0:15:15]} 12. Be2
{[%clk 0:15:13]} a5 {[%clk 0:15:12]} 13. Rc1 {[%clk 0:15:08]} O-O
{[%clk 0:14:58]} 14. O-O {[%clk 0:15:06]} Qb8 {[%clk 0:14:57]} 15. c4
{[%clk 0:14:10]} Bd8 {[%clk 0:14:43]} 16. h3 {[%clk 0:14:06]} Bb6
{[%clk 0:14:26]} 17. Bxb6 {[%clk 0:13:41]} Nxb6 {[%clk 0:14:28]} 18. Bd3
{[%clk 0:13:37]} Qa7 {[%clk 0:14:07]} 19. Kh1 {[%clk 0:13:38]} a4
{[%clk 0:12:48]} 20. Na1 {[%clk 0:13:39]} Rfc8 {[%clk 0:12:20]} 21. Qe2
{[%clk 0:12:40]} Rc7 {[%clk 0:11:52]} 22. Nc2 {[%clk 0:11:15]} Rac8
{[%clk 0:11:52]} 23. Bf5 {[%clk 0:11:15]} Re8 {[%clk 0:11:53]} 24. Ne3
{[%clk 0:11:11]} g6 {[%clk 0:10:56]} 25. Bb1 {[%clk 0:10:36]} Nbd7
{[%clk 0:09:43]} 26. b4 {[%clk 0:09:03]} axb3 {[%clk 0:09:11]} 27. axb3
{[%clk 0:09:05]} Qb6 {[%clk 0:07:55]} 28. Bc2 {[%clk 0:08:51]} Qd4
{[%clk 0:06:52]} 29. Rfd1 {[%clk 0:08:17]} Qf4 {[%clk 0:06:52]} 30. Qd2
{[%clk 0:07:54]} Rb8 {[%clk 0:05:45]} 31. Bd3 {[%clk 0:05:43]} Nc5
{[%clk 0:05:41]} 32. Bc2 {[%clk 0:05:20]} b5 {[%clk 0:05:14]} 33. b4
{[%clk 0:05:07]} Na6 {[%clk 0:04:54]} 34. Ra1 {[%clk 0:04:35]} Nxb4
{[%clk 0:04:41]} 35. Qxb4 {[%clk 0:04:33]} Qxe3 {[%clk 0:04:43]} 36. Qxd6
{[%clk 0:04:29]} Ne8 {[%clk 0:04:38]} 37. Qa6 {[%clk 0:04:08]} bxc4
{[%clk 0:03:48]} 38. d6 {[%clk 0:03:29]} Rd7 {[%clk 0:03:50]} 39. Ba4
{[%clk 0:03:14]} Rdd8 {[%clk 0:02:59]} 40. d7 {[%clk 0:03:14]} Ng7
{[%clk 0:02:53]} 41. Qxc4 {[%clk 0:02:57]} Nf5 {[%clk 0:02:44]} 42. Re1
{[%clk 0:02:43]} Qg5 {[%clk 0:02:20]} 43. Ra2 {[%clk 0:01:56]} Qg3
{[%clk 0:01:48]} 44. Rae2 {[%clk 0:01:45]} Kg7 {[%clk 0:00:45]} 45. Rxe5
{[%clk 0:01:25]} Rb2 {[%clk 0:00:34]} 46. R5e2 {[%clk 0:00:59]} Kg8
{[%clk 0:00:20]} 47. Re8+ {[%clk 0:00:31]} Kh7 {[%clk 0:00:09]} 48. Qxf7+
{[%clk 0:00:20]} Kh6 {[%clk 0:00:07]} 49. Qf8+ {[%clk 0:00:21]} Kg5
{[%clk 0:00:08]} 50. f4+ {[%clk 0:00:15]} Kxf4 {[%clk 0:00:07]} 51. R8e4+
{[%clk 0:00:13]} Kg5 {[%clk 0:00:10]} 52. Qxd8+ {[%clk 0:00:15]} Kh6
{[%clk 0:00:11]} 53. Qh8+ {[%clk 0:00:16]} Kg5 54. d8=Q+ {[%clk 0:00:15]} 1-0

[Event "3e Open de Bastia"]
[Site "Bastia"]
[Date "2023.07.10"]
[Round "4.3"]
[White "Anwesh, Upadhyaya"]
[Black "Rakotomaharo, Fy Antenaina"]
[Result "1-0"]
[BlackElo "2463"]
[WhiteElo "2356"]
[LiveChessVersion "1.4.6"]

1. e4 {[%clk 0:15:02]} c5 {[%clk 0:14:59]} 2. Nc3 {[%clk 0:15:03]} e6
{[%clk 0:15:01]} 3. Nge2 {[%clk 0:15:04]} Nc6 {[%clk 0:14:57]} 4. d4
{[%clk 0:15:06]} cxd4 {[%clk 0:14:59]} 5. Nxd4 {[%clk 0:15:08]} Nf6
{[%clk 0:15:00]} 6. Ndb5 {[%clk 0:15:04]} Bc5 {[%clk 0:15:01]} 7. Nd6+
{[%clk 0:14:38]} Ke7 {[%clk 0:15:03]} 8. Nxc8+ {[%clk 0:14:35]} Rxc8
{[%clk 0:15:03]} 9. Be2 {[%clk 0:14:17]} Qc7 {[%clk 0:15:02]} 10. O-O
{[%clk 0:14:09]} h5 {[%clk 0:15:03]} 11. Bg5 {[%clk 0:13:17]} Kf8
{[%clk 0:15:04]} 12. Qd2 {[%clk 0:12:46]} Bb4 {[%clk 0:12:22]} 13. f3
{[%clk 0:11:56]} h4 {[%clk 0:11:56]} 14. Rad1 {[%clk 0:11:29]} Bc5+
{[%clk 0:11:31]} 15. Be3 {[%clk 0:10:40]} Ne5 {[%clk 0:11:28]} 16. Na4
{[%clk 0:08:36]} Bxe3+ {[%clk 0:10:44]} 17. Qxe3 {[%clk 0:08:38]} d5
{[%clk 0:10:41]} 18. exd5 {[%clk 0:07:09]} Nxd5 {[%clk 0:10:41]} 19. Qxa7
{[%clk 0:06:36]} g5 {[%clk 0:06:58]} 20. c4 {[%clk 0:05:34]} Nf4 {[%clk 0:05:59]}
21. Qe3 {[%clk 0:05:20]} h3 {[%clk 0:02:21]} 22. g3 {[%clk 0:05:19]} Nxe2+
{[%clk 0:02:21]} 23. Qxe2 {[%clk 0:05:21]} Nxc4 {[%clk 0:01:50]} 24. b3
{[%clk 0:04:57]} b5 {[%clk 0:01:46]} 25. Nc3 {[%clk 0:03:02]} Qb6+
{[%clk 0:00:52]} 26. Qf2 {[%clk 0:03:00]} Qxf2+ {[%clk 0:00:34]} 27. Rxf2
{[%clk 0:03:02]} Na3 {[%clk 0:00:23]} 28. Ne4 {[%clk 0:02:57]} Rg8
{[%clk 0:00:25]} 29. Rfd2 {[%clk 0:02:43]} g4 {[%clk 0:00:18]} 30. Nf6
{[%clk 0:02:23]} Rg6 {[%clk 0:00:08]} 31. Nxg4 {[%clk 0:02:24]} Kg7
{[%clk 0:00:04]} 32. Ne5 {[%clk 0:02:16]} Rf6 {[%clk 0:00:07]} 33. f4
{[%clk 0:01:58]} Rf5 {[%clk 0:00:09]} 34. Kf2 {[%clk 0:01:51]} f6
{[%clk 0:00:06]} 35. Rd7+ {[%clk 0:01:50]} Kg8 {[%clk 0:00:07]} 36. Ng6
{[%clk 0:01:44]} Rc2+ {[%clk 0:00:09]} 37. Kf3 {[%clk 0:01:41]} Rfc5
{[%clk 0:00:10]} 38. Ra7 {[%clk 0:01:25]} R5c3+ 39. Kg4 {[%clk 0:01:26]} Rc7
{[%clk 0:00:06]} 40. Rd7 {[%clk 0:00:36]} Rxd7 {[%clk 0:00:06]} 41. Rxd7
{[%clk 0:00:38]} Rxh2 {[%clk 0:00:08]} 42. Kh5 {[%clk 0:00:36]} 1-0